• 首页
  • 本馆介绍
  • 公告通知
  • 最新文献
  • 馆藏检索
  • 电子资源
  • 读者导购
  • 参考咨询
  • 我的图书馆
  • 登录
  • 详细信息显示
  • 放入我的书架
  • 预约/预借图书
  • 作者相关作品
  • 分类相关作品
  • 丛书相关作品
  • 出版社相关作品

书目信息

  • 表格格式
  • 工作单格式
  • 卡片格式
题名:
跨界融合中国民族声乐的新发展
    
 
作者: 梁振中, 著
分册:  
出版信息: 长春   吉林人民出版社  2019.11
页数: 96页
开本: 26cm
丛书名:
单 册:
中图分类: J616.22
科图分类:
主题词: 民族声乐--声乐艺术--研究--中国
电子资源:
ISBN: 978-7-206-16524-5
000 01248nam0 2200289 45
001 489940
005 20140818204551.0
010    @a978-7-206-16524-5@dCNY48.00
092    @aCN@b人文SX2006XH-52
099    @aCAL 012020046829
100    @a20200604d2019 em y0chiy0110 ea
101 0  @achi
102    @aCN@b220000
105    @ay a 000yy
106    @ar
200 1  @a跨界融合中国民族声乐的新发展@Akua jie rong he zhong guo min zu sheng yue de xin fa zhan@f梁振中著
210    @a长春@c吉林人民出版社@d2019.11
215    @a96页@d26cm
300    @a本书为宝鸡文理学院“宝鸡民歌、声乐、声乐作品鉴赏”系列课程成果
314    @a梁振中 (1977-), 陕西榆林人, 男, 文学硕士, 民建会员, 宝鸡文理学院音乐学院副教授。
320    @a有书目 (第95-96页)
330    @a自学堂乐歌以来, 中国声乐不断学习西方, 丰富、充实音乐学内容, 完善了声乐乐理论体系, 形成了兼具科学性、艺术性、民族性、时代性的现代声乐学派。本书以时间为线索, 从声乐技巧、声乐作品、声乐表演、声乐评论等诸多方面, 诠释中国民族声乐跨界融合的新的发展脉络, 全面展示近、现代中国民族声乐的巨大成就。
606 0  @a民族声乐@x声乐艺术@x研究@y中国
690    @aJ616.22@v5
701  0 @a梁振中,@Aliang zhen zhong@f1977-@4著
801    @aCN@b江苏凤凰@c20211018
905    @b1356986-9@dJ616.22@e1419@f4
    
    跨界融合中国民族声乐的新发展/梁振中著.-长春:吉林人民出版社,2019.11
    96页;26cm
    本书为宝鸡文理学院“宝鸡民歌、声乐、声乐作品鉴赏”系列课程成果
    
    ISBN 978-7-206-16524-5:CNY48.00
    自学堂乐歌以来, 中国声乐不断学习西方, 丰富、充实音乐学内容, 完善了声乐乐理论体系, 形成了兼具科学性、艺术性、民族性、时代性的现代声乐学派。本书以时间为线索, 从声乐技巧、声乐作品、声乐表演、声乐评论等诸多方面, 诠释中国民族声乐跨界融合的新的发展脉络, 全面展示近、现代中国民族声乐的巨大成就。
●
相关链接 在E读中查询图书 在五车中查询图书 在当当中查询图书 在豆瓣中查询图书


正题名:跨界融合中国民族声乐的新发展     索取号:J616.22/1419         预约/预借

序号 登录号 条形码 馆藏地/架位号 状态 备注
1 1356986   213569869   第一样本阅览室/ [索取号:J616.22/1419] 在馆    
2 1356987   213569878   第一借阅区/ [索取号:J616.22/1419] 在馆    
3 1356988   213569887   第一借阅区/ [索取号:J616.22/1419] 在馆    
4 1356989   213569896   第一借阅区/ [索取号:J616.22/1419] 在馆    
唐山师范学院图书馆 欢迎您!
大连网信软件有限公司© 版权所有